| 000 | 01257nam a22003497a 4500 | ||
|---|---|---|---|
| 003 | CHAP | ||
| 005 | 20220817044337.0 | ||
| 008 | 100429s2009 fr r 00010 spa d | ||
| 010 | _a98294 | ||
| 011 | _a99266 | ||
| 020 | _a9264026576 | ||
| 035 | _a109952 | ||
| 040 | _cCHAP | ||
| 082 | 0 | 4 |
_a333.72 _bOc19 |
| 110 | 2 |
_aOrganización para la Cooperación y el Desarrollo Económicos. París _983559 |
|
| 245 | 1 | 0 |
_aApplying strategic environmental assessment : _bgood practice guidance for development cooperation _c/by Organisation for Economic Cooperation and Development |
| 260 |
_aParis : _bOCDE, _cc2006 |
||
| 300 |
_a160 p. : _btablas |
||
| 490 | 0 | _aDAC guidelines and reference series | |
| 590 |
_aBATCH-UPD _b10 _c20130110 _lUCH01 _h1249 |
||
| 590 |
_aBATCH-UPD _b10 _c20130410 _lUCH01 _h0812 |
||
| 590 |
_aBATCH-UPD _b10 _c20130914 _lUCH01 _h1135 |
||
| 590 |
_aCONVERSION _b10 _c20130109 _lUCH01 _h1354 |
||
| 650 | 1 | 4 |
_aImpacto ambiental. _957465 |
| 650 | 1 | 4 |
_aPolítica ambiental. _990422 |
| 650 | 1 | 4 |
_aRecursos naturales _xConservación. |
| 830 | 0 |
_aDAC guidelines and reference series _930863 |
|
| 901 | _aBK | ||
| 911 | _aen proceso | ||
| 942 | _cLIBRO | ||
| 949 |
_a333.72 Oc19 _bBC _cLIBRO _d33724002125124 _eLIBRO _gDonaciØn _h112423 _i109952 _sb |
||
| 999 |
_c98294 _d98294 |
||